Sport and tourism : Globalization, Mobility and Identity
Sport and Tourism: Globalization, Mobility and Identity marks a new era in sport tourism texts. Written by global experts whose previous collaborations have been integral to the development of the field, the book applies key social science concepts and issues relevant to the academic study of sport...
Sparad:
| Huvudupphovsman: | |
|---|---|
| Materialtyp: | Bok |
| Språk: | Undetermined |
| Publicerad: |
Amsterdam
Butterworth-Heinemann
2009
|
| Ämnen: | |
| Taggar: |
Lägg till en tagg
Inga taggar, Lägg till första taggen!
|
| Thư viện lưu trữ: | Trung tâm Học liệu Trường Đại học Cần Thơ |
|---|
| LEADER | 00984nam a2200241Ia 4500 | ||
|---|---|---|---|
| 001 | CTU_183602 | ||
| 008 | 210402s9999 xx 000 0 und d | ||
| 020 | |c 1056000 | ||
| 082 | |a 338.4791 | ||
| 082 | |b H638 | ||
| 100 | |a Higham, James | ||
| 245 | 0 | |a Sport and tourism : | |
| 245 | 0 | |b Globalization, Mobility and Identity | |
| 245 | 0 | |c James Higham and Tom Hinch | |
| 260 | |a Amsterdam | ||
| 260 | |b Butterworth-Heinemann | ||
| 260 | |c 2009 | ||
| 520 | |a Sport and Tourism: Globalization, Mobility and Identity marks a new era in sport tourism texts. Written by global experts whose previous collaborations have been integral to the development of the field, the book applies key social science concepts and issues relevant to the academic study of sport and tourism. | ||
| 526 | |a Anh văn chuyên môn TDTT | ||
| 526 | |b TC114 | ||
| 650 | |a Sports and tourism,Thể thao và du lịch | ||
| 904 | |i Hải | ||
| 980 | |a Trung tâm Học liệu Trường Đại học Cần Thơ | ||